1.200 ejercicios de cálculo elemental / (Registro nro. 15247)

Detalles MARC
000 -CABECERA
campo de control de longitud fija 01058nam a2200325 a 4500
001 - NÚMERO DE CONTROL
campo de control 000046584
003 - IDENTIFICADOR DEL NÚMERO DE CONTROL
campo de control DO-SdBPM
005 - FECHA Y HORA DE LA ÚLTIMA TRANSACCIÓN
campo de control 20250703070932.0
007 - CAMPO FIJO DE DESCRIPCIÓN FÍSICA--INFORMACIÓN GENERAL
campo de control de longitud fija ta
008 - DATOS DE LONGITUD FIJA--INFORMACIÓN GENERAL
campo de control de longitud fija 150828s2004 ve ac 000 spa d
040 ## - FUENTE DE LA CATALOGACIÓN
Centro catalogador/agencia de origen DO-SdBPM
Lengua de catalogación spa
Centro/agencia transcriptor BPMSU
Normas de descripción rda
082 #4 - NÚMERO DE LA CLASIFICACIÓN DECIMAL DEWEY
Número de clasificación 515.43
Número de documento/Ítem C828m 2004
Número de edición 22
100 1# - ENTRADA PRINCIPAL--NOMBRE DE PERSONA
Nombre de persona Cortés A., Italo G.
Término indicativo de función/relación autor
245 10 - MENCIÓN DE TÍTULO
Título 1.200 ejercicios de cálculo elemental /
Mención de responsabilidad, etc. Italo G. Cortés A.
Resto del título
246 13 - FORMA VARIANTE DE TÍTULO
Título propio/Titulo breve Mil docientos ejercicios de cálculo elemental
250 ## - MENCIÓN DE EDICIÓN
Mención de edición 3a. ed.
260 ## - PUBLICACIÓN, DISTRIBUCIÓN, ETC.
Lugar de publicación, distribución, etc.
Nombre del editor, distribuidor, etc.
Fecha de publicación, distribución, etc.
264 ## - PRODUCCIÓN, PUBLICACIÓN, DISTRIBUCIÓN, FABRICACIÓN Y COPYRIGHT
Producción, publicación, distribución, fabricación y copyright San Cristobal, Venezuela :
Nombre del de productor, editor, distribuidor, fabricante Fondo Editorial Unet,
Fecha de producción, publicación, distribución, fabricación o copyright 2004
300 ## - DESCRIPCIÓN FÍSICA
Extensión 64 páginas . :
Otras características físicas ilustraciones . ;
Dimensiones 21 cm.
336 ## - TIPO DE CONTENIDO
Término de tipo de contenido texto
Código de tipo de contenido txt
Fuente rdacontent
337 ## - TIPO DE MEDIO
Nombre/término del tipo de medio sin mediación
Código del tipo de medio n
Fuente rdamedia
338 ## - TIPO DE SOPORTE
Nombre/término del tipo de soporte volumen
Código del tipo de soporte nc
Fuente rdacarrier
490 0# - MENCIÓN DE SERIE
Mención de serie Problemario
500 ## - NOTA GENERAL
Nota general Educación inicial
500 ## - NOTA GENERAL
Nota general La biblioteca posee el v. 3
590 ## - NOTA LOCAL (RLIN)
Nota local Inventariado, 2025/VM
650 #7 - PUNTO DE ACCESO ADICIONAL DE MATERIA--TÉRMINO DE MATERIA
Término de materia o nombre geográfico como elemento de entrada Cálculo
Subdivisión de forma Problemas, ejercicios, etc
910 ## - DATOS DE OPCIÓN DEL USUARIO (OCLC)
Datos de opción del usuario VMateo V. Control de calidad. BPMSU
942 ## - ELEMENTOS DE PUNTO DE ACCESO ADICIONAL (KOHA)
Fuente del sistema de clasificación o colocación Dewey Decimal Classification
Tipo de ítem Koha Libros
Existencias
Estado de retiro Estado de pérdida Fuente del sistema de clasificación o colocación No para préstamo Código de colección Localización permanente Ubicación/localización actual Fecha de adquisición Total de préstamos Signatura topográfica completa Código de barras Fecha visto por última vez Precio válido a partir de Tipo de ítem Koha Número de copia
    Dewey Decimal Classification   Colección General Biblioteca Pública Metropolitana Salomé Ureña Biblioteca Pública Metropolitana Salomé Ureña 07/03/2025   BPMSU CG 515.43 C828m 2004 BPMSU25070014 07/03/2025 07/03/2025 Libros  
    Dewey Decimal Classification   Colección General Biblioteca Pública Metropolitana Salomé Ureña Biblioteca Pública Metropolitana Salomé Ureña 07/03/2025   BPMSU CG 515.43 C828m 2004 BPMSU25090036 09/10/2025 07/03/2025 Libros e.2